[Event "Ch Finland (team)"]
[Site "masterchessopenings.com Finland"]
[Round "0"]
[White "Kekki Petri (FIN)"]
[Black "Raisa Unto (FIN)"]
[Result "1/2-1/2"]
[WhiteElo "2335"]
[BlackElo "2130"]

1.d4 Nf6 2.c4 e6 3.Nf3 Bb4+ 4.Nc3 c5 5.e3 O-O 6.Be2 Ne4 7.Qb3 Qa5 8.Bd2 Nxd2
9.Nxd2 cxd4 10.exd4 Nc6 11.Nf3 d5 12.O-O Bxc3 13.bxc3 dxc4 14.Bxc4 Qc7 15.Bd3
b6 16.Qc2 h6 17.Qe2 Bb7 18.Qe4 g6 19.Qe3 Kg7 20.h4 Qe7 21.h5 g5 22.Rfe1 Qf6
23.Nd2 Na5 24.g3 Rfd8 25.Rf1 Rac8 26.Rac1 Bd5 27.Ne4 Qe7 28.f4 f5 29.Nd2 Qf6
30.Ba6 Rc7 31.fxg5 hxg5 32.Nf3 Rh8 33.g4 f4 34.Qe5 Qxe5 35.Nxe5 Nc4 36.Nxc4
Bxc4 37.Bxc4 Rxc4 38.Rfe1 Kf6 39.Re5 Rd8 40.Rce1 Rd6 41.d5 exd5 42.Rf5+ Kg7
43.Re7+ Kg8 44.Rff7 Rxc3 45.Rg7+ Kf8 46.Rgf7+ Kg8 47.Rg7+ Kf8 48.Rgf7+ Kg8
49.Rg7+ {#d} 1/2-1/2

[Event "Ch Finland (team) 1995/96"]
[Site "masterchessopenings.com Finland"]
[Round "5"]
[White "Tahkavuori Tapani (FIN)"]
[Black "Koskela Niina (FIN)"]
[Result "0-1"]
[WhiteElo "2066"]
[BlackElo "2155"]

1.d4 Nf6 2.c4 e6 3.Nc3 Bb4 4.Nf3 c5 5.e3 O-O 6.Bd3 b6 7.O-O Bb7 8.a3 Bxc3
9.bxc3 Ne4 10.Qc2 f5 11.a4 d6 12.Nd2 Nxd2 13.Bxd2 Nd7 14.f3 Qh4 15.a5 Rf6
16.Be1 Qh6 17.Qe2 Rff8 18.Bg3 e5 19.d5 Qf6 20.Qd2 g5 21.f4 gxf4 22.exf4 e4
23.Bc2 Qg7 24.Bh4 Ba6 25.Bb3 Kh8 26.Rfe1 b5 27.cxb5 Bxb5 28.c4 Ba6 29.Rad1
Rab8 30.Re3 h6 31.Be1 Kh7 32.Qc2 Qg4 33.Rg3 Qh5 34.Bc3 Rg8 35.Rxg8 Rxg8 36.Ba4
Nf8 37.Bb5 Ng6 38.Bxa6 Nxf4 39.Rb1 Qg4 40.Rb7+ Kg6 41.Rb2 e3 42.Be1 e2 43.Bg3
Qxg3 44.hxg3 e1=Q+ 45.Kh2 Nh5 46.Qf2 Re8 47.Qxe1 Rxe1 48.Bc8 Nf6 49.g4 Nxg4+
50.Kg3 Kg5 51.Rb3 h5 52.a6 Rf1 53.Kh3 f4 54.g3 f3 55.Bxg4 Rh1# 0-1

[Event "Ch Finland (team) 2000/01"]
[Site "masterchessopenings.com Finland"]
[Round "7"]
[White "Niemela Antti (FIN)"]
[Black "Nieminen Kari (FIN)"]
[Result "1-0"]
[WhiteElo "2258"]
[BlackElo "2179"]

1.d4 Nf6 2.c4 e6 3.Nc3 Bb4 4.e3 O-O 5.Nf3 c5 6.Bd3 b6 7.O-O Bb7 8.a3 Bxc3
9.bxc3 Be4 10.Be2 Nc6 11.Nd2 Bg6 12.f3 Ne8 13.a4 d6 14.d5 Na5 15.Nb3 Nxb3
16.Qxb3 a5 17.e4 e5 18.Bd3 Rb8 19.f4 exf4 20.Bxf4 f6 21.Qd1 Rf7 22.h4 Re7
23.Re1 h6 24.Qg4 Kf7 25.Re3 Qd7 26.Qg3 Bh5 27.Rf1 Rd8 28.Bc2 Qg4 29.Qf2 Kg8
30.Bxh6 Kh8 31.Bf4 Qd7 32.Ree1 Rf7 33.Bh2 Re7 34.Qf5 Qxf5 35.Rxf5 Bg6 36.Rf4
Rdd7 37.h5 Bh7 38.Bg3 Rf7 39.Bd1 Rde7 40.Bg4 Rf8 41.Bf5 Nc7 42.Rf2 Rd8 43.Kf1
Na8 44.h6 Bxf5 45.Rxf5 b5 46.hxg7+ Kxg7 47.Bh4 Rf8 48.cxb5 Nb6 49.Re3 Rff7
50.Rg3+ Kf8 51.Rg4 Nxa4 52.Bxf6 Rb7 53.c4 Nb6 54.Rh4 Ke8 55.e5 dxe5 56.Rxe5+
Kd7 57.Re6 a4 58.Rh8 Nc8 59.Rd8+ Kc7 60.Rc6+ Kb8 61.Rcxc8+ Ka7 62.Ra8+ Kb6
63.Ra6+ Kc7 64.d6# 1-0

[Event "Ch France (team) 2006"]
[Site "masterchessopenings.com France"]
[Date "2006.02.04"]
[Round "2"]
[White "Guidarelli Laurent (FRA)"]
[Black "Gashimov Vugar (AZE)"]
[Result "0-1"]
[WhiteElo "2449"]
[BlackElo "2643"]

{ } 1.Nf3 Nf6 2.c4 e6 3.Nc3 Bb4 4.d4 c5 5.e3 O-O 6.Bd3 Bxc3+ { ? } ( 6...b6
7.O-O Bb7 8.Na4 cxd4 9.exd4 Re8 10.c5 Bxf3 11.Qxf3 Nc6 12.Qd1 Nxd4 13.Bxh7+
Nxh7 14.Qxd4 bxc5 15.Nxc5 Qb6 16.Be3 e5 17.Qc4 Rac8 18.Rac1 Nf6 19.Nd3 Rxc4
20.Bxb6 Rxc1 21.Rxc1 Bd2 22.Rd1 axb6 23.Rxd2 d5 24.Nb4 d4 25.f3 Rc8 26.Rc2 {
...1/2-1/2, Korchnoi Viktor 2625 - Ivanchuk Vassily 2705 , Monte Carlo 1993 It
"Melody Amber" (active) } ) 7.bxc3 d6 8.O-O Nc6 { ?/± } 9.Bb2 ( 9.Nd2 e5
10.Nb3 b6 11.Bd2 Ne7 12.e4 Ng6 13.f4 exf4 14.Bxf4 Nxf4 15.Rxf4 Qe7 16.Qe2 Bb7
17.Re1 Rae8 18.Nd2 g6 19.Rff1 Nh5 20.Bc2 Bc6 21.Qf2 Ng7 22.Nf3 f6 23.Bd3 Qd7
24.Qh4 Qb7 25.Re2 Qd7 26.Ref2 Qe7 27.Nd2 f5 28.Qxe7 Rxe7 { ...1-0, Portisch
Lajos 2640 - Huguet Bernard 2255 , Las Palmas 1972 It (cat.8) } ) 9...b6 { N }
( 9...e5 10.Nd2 Qe8 ( 10...Re8 11.d5 Ne7 12.f4 exf4 13.exf4 Nf5 14.Bxf5 Bxf5
15.h3 Bd3 16.Re1 Rxe1+ 17.Qxe1 Qb6 18.Bc1 Qa6 19.Qh4 Bxc4 20.f5 Bd3 21.c4 Qa5
22.Nb3 Qc3 23.Bg5 h6 24.Rc1 Qe5 25.Bf4 Qe7 26.Re1 Qd7 27.Bxh6 Qxf5 28.Bc1 Re8
29.Rxe8+ { ...0-1, Zahorsky Robert 1983 - Seckar Milos 2070 , Slovakia 2000 Ch
Slovakia (team) 2000/01 (2 liga) (b) } ) ( 10...Na5 11.f4 Qe7 12.Re1 b6
13.fxe5 dxe5 14.Qf3 Bg4 15.Qg3 Rae8 16.e4 Qe6 17.d5 Qd7 18.h3 Bh5 19.Nf3 Qa4
20.Bf1 Bxf3 21.Qxf3 Qc2 { 0-1, Yakovlev Yuri - Tsarkov Alexsey, Vladimir 2002
It (open) } ) 11.Qe2 Na5 12.f3 b6 13.g4 e4 14.Nxe4 Nxe4 15.Bxe4 Ba6 16.Bxa8
Bxc4 17.Qc2 Bxf1 18.Be4 Bc4 19.Re1 h6 20.Bc1 Qe6 21.a3 Qf6 22.Qf2 Re8 23.Bb1
Nc6 24.Rd1 h5 25.gxh5 Qg5+ 26.Qg3 Qxh5 27.Kf2 cxd4 28.cxd4 d5 29.h4 {
...1/2-1/2, Tuglaci S - Halkias Stelios 2528 , Varna 1994 It "Balkaniada" } )
10.Nd2 Ba6 { +0.26 CAP N } 11.f4 Rc8 12.Rc1 d5 13.Qe2 cxd4 14.cxd4 { ?! } (
14.exd4 Re8 15.Qf3 Qc7 { } ) 14...Nb4 15.Rf3 Nxd3 16.Qxd3 dxc4 17.Qb1 Nd5
18.Ba3 Re8 19.Ne4 Rc6 20.Ng5 f5 21.e4 { ?! } ( 21.Rh3 Nf6 22.Qb4 Qd5 23.Nxh7 {
} ) 21...Nxf4 22.Rxf4 Qxg5 23.Rf3 Qh4 24.exf5 exf5 25.Qxf5 Qxd4+ 26.Kh1 Rf6
27.Qh5 Qe5 { } {#R} 0-1

[Event "Ch Germany (juniors) (Internet) (under 18) (qual3)"]
[Site "masterchessopenings.com Internet"]
[Date "2009.05.17"]
[Round "5"]
[White "Kleibel Uwe"]
[Black "Begri Felix"]
[Result "0-1"]
[WhiteElo "2172"]
[BlackElo "1870"]

1.d4 Nf6 2.c4 e6 3.Nc3 Bb4 4.e3 c5 5.Nf3 O-O 6.a3 cxd4 7.exd4 Bxc3+ 8.bxc3 Qa5
9.Qc2 Nc6 10.Bd2 b6 11.Bd3 Ba6 12.O-O d5 13.cxd5 Bxd3 14.Qxd3 exd5 15.c4 Qa6
16.Rfc1 Rad8 17.Qf5 dxc4 18.Bc3 Rd5 19.Qc2 Rc8 20.a4 Rd7 21.Qe2 Re7 22.Qa2
Rec7 23.Bb2 Nb4 24.Qa3 Nbd5 25.Bc3 Ne4 26.Be1 c3 27.Ne5 Nf4 28.Rc2 Ne2+ 29.Kh1
Nxd4 30.Rcc1 Qf1# 0-1

[Event "Ch Great Britain"]
[Site "masterchessopenings.com Southampton (England)"]
[Round "11"]
[White "Basman Michael J (ENG)"]
[Black "Chandler Murray G (ENG)"]
[Result "0-1"]
[WhiteElo "2338"]
[BlackElo "2565"]

1.d4 Nf6 2.c4 e6 3.Nc3 Bb4 4.e3 O-O 5.Nf3 c5 6.dxc5 Ne4 7.Qc2 Bxc3+ 8.bxc3
Nxc5 9.Ba3 b6 10.Rd1 Bb7 11.Be2 Nba6 12.O-O f5 13.Nd4 e5 14.Bf3 exd4 15.Bxb7
Nxb7 16.Bxf8 Qxf8 17.cxd4 Qf7 18.Qa4 Nc7 19.f3 Nd6 20.Rc1 Qe6 21.Rfe1 a6 22.c5
bxc5 23.Rxc5 Ncb5 24.Re5 Qf7 25.Rc1 h6 26.Rc2 Kh7 27.Rcc5 f4 28.e4 Qf6 29.Qb4
Na7 30.Red5 Ndb5 31.Rxd7 Nc6 32.Qb1 Qe6 33.Rcd5 Kh8 34.h4 Nc3 35.Qb7 Rb8
36.Qc7 Nxd5 37.Rxd5 Qg6 38.Qxf4 Rb2 39.g4 Ne7 40.Rd8+ Ng8 41.Qf8 Qe6 42.d5
Qb6+ 43.Kh1 Rb1+ 44.Kh2 Qf2+ {#R} 0-1

[Event "Ch Great Britain"]
[Site "masterchessopenings.com Swansea (Wales)"]
[Date "2006.08.08"]
[Round "2"]
[White "Varley Peter (WLS)"]
[Black "Poobalasingam Peter (ENG)"]
[Result "1-0"]
[WhiteElo "2258"]
[BlackElo "2077"]

1.d4 e6 2.c4 Nf6 3.Nc3 Bb4 4.e3 c5 5.Nf3 O-O 6.Bd3 d6 7.O-O Nc6 8.Qc2 e5
9.dxe5 Nxe5 10.Nxe5 dxe5 11.Rd1 Qe7 12.Nd5 Nxd5 13.cxd5 f5 14.d6 Qf7 15.a3 Be6
16.axb4 Bb3 17.Qc3 cxb4 18.Qxb4 {#r} 1-0

[Event "Ch Hungary"]
[Site "masterchessopenings.com Budapest (Hungary)"]
[Round "0"]
[White "Szilagyi Gyorgy (HUN)"]
[Black "Barcza Gedeon (HUN)"]
[Result "0-1"]
[WhiteElo "2370"]
[BlackElo "2435"]

1.d4 Nf6 2.c4 e6 3.Nc3 Bb4 4.Nf3 c5 5.e3 O-O 6.dxc5 Ne4 7.Qc2 Bxc3+ 8.bxc3
Nxc5 9.Be2 b6 10.O-O Bb7 11.Rd1 Nba6 12.Nd4 Nc7 13.f3 f5 14.Bd2 Qf6 15.Be1 Kh8
16.a4 e5 17.Nb5 Ne8 18.Na3 Bc6 19.Nb1 Nd6 20.Nd2 Ndb7 21.Bf2 Qg6 22.Bf1 d6
23.Kh1 Qe8 24.Rdb1 Bxa4 25.Qc1 Na5 26.Ra2 e4 27.f4 Bd7 28.Be2 Be6 29.Qc2 Qc6
30.Rb4 Rac8 31.h3 d5 32.cxd5 Bxd5 33.Ra3 Nd3 34.Bxd3 exd3 35.Qxd3 Bxg2+ 36.Kh2
Bxh3 37.Kxh3 Qh1+ 38.Kg3 Rc6 39.Nf3 Rh6 40.Ng5 Rh2 41.Qd5 Qxd5 42.Kxh2 h6 {#R}
0-1

[Event "Ch Hungary (juniors) (under 16)"]
[Site "masterchessopenings.com Paks (Hungary)"]
[Date "1999.04.02"]
[Round "7"]
[White "Blasko Istvan (HUN)"]
[Black "Balogh Viktor (HUN)"]
[Result "1-0"]
[WhiteElo "2221"]
[BlackElo "2156"]

1.d4 Nf6 2.c4 e6 3.Nc3 Bb4 4.e3 O-O 5.Nf3 c5 6.d5 b5 7.Bd2 bxc4 8.Bxc4 Bb7
9.dxe6 fxe6 10.Be2 d5 11.O-O Nc6 12.Na4 Ne4 13.Bxb4 cxb4 14.Bd3 Qf6 15.Rc1
Rad8 16.Qe2 Kh8 17.Nc5 Nxc5 18.Rxc5 Ne5 19.Nxe5 Qxe5 20.Qg4 b3 21.axb3 Rc8
22.b4 Rc6 23.Qh4 h6 24.Qe7 Rb8 25.Rxc6 Bxc6 26.b5 Be8 27.Qf8# 1-0

[Event "Ch Hungary (juniors) (under 20)"]
[Site "masterchessopenings.com Budapest (Hungary)"]
[Round "0"]
[White "Csicsay Imre (HUN)"]
[Black "Almasi Zoltan (HUN)"]
[Result "0-1"]
[WhiteElo "2220"]
[BlackElo "2710"]

1.d4 Nf6 2.c4 e6 3.Nc3 Bb4 4.Nf3 c5 5.e3 O-O 6.Bd3 d6 7.O-O Bxc3 8.bxc3 Nbd7
9.Nd2 e5 10.a4 a5 11.Bb1 b6 12.f4 Qe7 13.Qf3 Ba6 14.fxe5 dxe5 15.d5 e4 16.Qh3
Qe5 17.Ra2 Rae8 18.Rc2 Qg5 19.Rf4 Bc8 20.Rb2 Ne5 21.Qg3 Qxg3 22.hxg3 Nh5
23.Nxe4 Nxf4 24.gxf4 Nxc4 25.Re2 Bb7 26.Ng5 g6 27.e4 h6 28.Nf3 f5 29.Bd3 fxe4
30.Bxc4 exf3 31.Re6 Rxe6 32.dxe6 Kg7 33.g4 Kf6 34.f5 gxf5 35.Bxh6 Rg8 36.g5+
Ke7 37.Kf2 Bc8 38.Kxf3 Bxe6 39.Ba6 Kf7 40.Kf4 Rd8 41.Be2 Kg6 42.Ke5 Bd7 43.Bd1
Bc6 44.Bc2 Be4 45.Bb3 Re8+ 46.Kd6 f4 47.Kd7 Rh8 48.Kc7 b5 49.axb5 f3 50.Bc4 f2
51.Kd6 a4 52.Ke7 Rh7+ {#R} 0-1

[Event "Ch Hungary (team) 1996/97 (2 liga)"]
[Site "masterchessopenings.com Hungary"]
[Round "4"]
[White "Husek Zdenek (SVK)"]
[Black "Kovacs Lajos D (HUN)"]
[Result "1-0"]
[WhiteElo "2033"]
[BlackElo "2170"]

1.d4 Nf6 2.c4 e6 3.Nc3 Bb4 4.Nf3 c5 5.e3 O-O 6.Bd3 Nc6 7.O-O d6 8.Qc2 Qe7
9.Ne4 h6 10.a3 Ba5 11.b3 Nxe4 12.Bxe4 cxd4 13.exd4 f5 14.Bxc6 bxc6 15.b4 Bc7
16.Re1 e5 17.dxe5 dxe5 18.Nxe5 c5 19.Qc3 Qf6 20.Bb2 Bb7 21.f4 cxb4 22.axb4 a5
23.b5 Be4 24.c5 Rac8 25.Qb3+ Kh8 26.Qg3 Bxe5 27.Bxe5 Qf7 28.Bd6 Rfe8 29.Qf2
Qc4 30.Ra3 Qxb5 31.Rg3 Qc4 32.Qb2 Rg8 33.Rc1 Qb4 34.Rb3 Qa4 35.Be5 Qc6 36.Rb6
Qd5 37.Rxh6# 1-0

[Event "Ch Iceland"]
[Site "masterchessopenings.com Reykjavik (Iceland)"]
[Round "11"]
[White "Gunnarsson Gunnar K (ISL)"]
[Black "Thorbergsson Freysteinn (ISL)"]
[Result "1/2-1/2"]
[WhiteElo "2220"]
[BlackElo "2340"]

1.d4 Nf6 2.c4 e6 3.Nc3 Bb4 4.e3 O-O 5.Nf3 c5 6.a3 Bxc3+ 7.bxc3 Nc6 8.Bd3 b6
9.e4 Ne8 10.O-O Ba6 11.Qe2 Rc8 12.Be3 cxd4 13.cxd4 Na5 14.Rac1 d6 15.Rfd1 Qe7
16.e5 dxe5 17.dxe5 f5 18.exf6 Nxf6 19.Bf4 Rfd8 20.Ng5 Nb3 21.Rc3 Nc5 22.Bc2
Rxd1+ 23.Qxd1 h6 24.Nf3 Nce4 25.Re3 Rxc4 26.Ne5 Nc3 27.Qd3 Rxf4 28.Qxa6 Qc7
29.Ng6 Rxf2 30.Qd3 Ng4 31.Ne7+ Qxe7 32.Qh7+ Kf8 33.Rxc3 Rf1+ 34.Kxf1 Qf6+
35.Rf3 Nxh2+ 36.Ke2 Nxf3 37.gxf3 Qe5+ 38.Kf1 Qa1+ 39.Kg2 Qxa3 40.Qh8+ Kf7
41.Qd8 Qe7 42.Bg6+ Kf6 43.Qd3 Qc5 44.Be8 Qg5+ 45.Kf2 Qc5+ 46.Kg2 Qg5+ 47.Kf2
Qd5 48.Qg6+ Ke7 49.Qf7+ Kd8 50.Qg8 Qc5+ 51.Kf1 Qc1+ 52.Kf2 Qd2+ 53.Kf1 Qc1+
54.Ke2 Qc2+ 55.Kf1 Qb1+ 56.Kf2 Qb2+ 57.Kf1 Qa1+ 58.Kf2 Qd4+ 59.Ke2 Qe5+ 60.Kf2
Qd4+ 61.Ke2 Qb2+ 62.Ke3 Qc3+ 63.Ke2 Qf6 64.Bf7+ Ke7 65.Qe8+ Kd6 66.Qb8+ Ke7
67.Qe8+ Kd6 68.Qb8+ {#d} 1/2-1/2

[Event "Ch Israel (team)"]
[Site "masterchessopenings.com Israel"]
[Round "5"]
[White "Zilberman Yaacov (ISR)"]
[Black "Tunik Gennady (RUS)"]
[Result "1/2-1/2"]
[WhiteElo "2473"]
[BlackElo "2507"]

1.d4 Nf6 2.c4 e6 3.Nc3 Bb4 4.e3 c5 5.Nf3 O-O 6.Be2 d6 7.O-O Bxc3 8.bxc3 Nc6
9.Nd2 e5 10.Nb3 b6 11.f3 h6 12.Re1 Bd7 13.e4 Ne7 14.Nd2 Nh7 15.dxe5 dxe5
16.Nf1 f5 17.exf5 Bxf5 18.Ng3 Bg6 19.Be3 Nf6 20.Bf2 Nc6 21.Nf1 {#d} 1/2-1/2

[Event "Ch MGFSO (open)"]
[Site "masterchessopenings.com Moscow (Russia)"]
[Date "2008.10.09"]
[Round "5"]
[White "Yarmolenko Evgeny (RUS)"]
[Black "Lagashin Pavel (RUS)"]
[Result "1-0"]
[WhiteElo "2193"]
[BlackElo "2015"]

1.d4 Nf6 2.c4 e6 3.Nc3 Bb4 4.e3 c5 5.Nf3 O-O 6.Bd3 Nc6 7.d5 exd5 8.cxd5 Nxd5
9.Bxh7+ Kxh7 10.Qxd5 f5 11.e4 Qe8 12.O-O fxe4 13.Nxe4 Ne7 14.Neg5+ Kh8 15.Qe4
Nf5 16.Ne5 d6 17.Nef7+ Kg8 18.Nxd6 Qxe4 19.Ngxe4 Nd4 20.Be3 Bg4 21.a3 Ba5
22.Nxb7 Bb6 23.Nbxc5 Nc2 24.Rac1 Nxe3 25.fxe3 Rfe8 26.Rf4 Bd7 27.Kf2 Rac8
28.b4 Rc6 29.Rd1 Bc8 30.Rd6 Rc7 31.Rd3 Rce7 32.Nd6 Ba6 33.Nxa6 Rxe3 34.Nxe8
Rxd3+ 35.Nc5 {#r} 1-0

[Event "Ch Mittelfranken (team) (B2a) 2005/06"]
[Site "masterchessopenings.com Germany"]
[Date "2006.02.12"]
[Round "6"]
[White "Hinzmann Alexander"]
[Black "Peiberg Ehrhard"]
[Result "0-1"]
[WhiteElo "1586"]
[BlackElo "1674"]

1.d4 Nf6 2.c4 e6 3.Nc3 Bb4 4.Nf3 c5 5.e3 O-O 6.Qb3 Nc6 7.Bd3 d5 8.cxd5 exd5
9.Qc2 Bg4 10.Ne5 Bh5 11.Nxc6 bxc6 12.O-O cxd4 13.exd4 Qd6 14.Ne2 Bxe2 15.Bxe2
Rac8 16.a3 Ba5 17.b4 Bb6 18.Be3 a5 19.Rab1 Ne4 20.f3 Nf6 21.Bf2 axb4 22.axb4
Rfe8 23.Bd3 Qf4 24.Qb2 Bc7 25.Bg3 Qe3+ 26.Qf2 Qxd3 27.Rfd1 Bxg3 28.Rxd3 Bxf2+
29.Kxf2 Re6 30.Rc3 Rb8 31.Rc5 Nd7 32.Rc2 f5 33.h3 Kf7 34.Rb3 f4 35.Rb1 Rb7
36.Rb3 Nf8 37.Ra2 Kf6 38.Ra1 h5 39.h4 Nd7 40.Rc1 Rb5 41.Rc2 Nb6 42.Rc5 Nc4
43.Rxb5 {#R} 0-1

[Event "Ch Montenegro (team) (1 liga)"]
[Site "masterchessopenings.com Cetinje (Montenegro)"]
[Date "2011.10.23"]
[Round "9"]
[White "Pejovic Milivoje (MNE)"]
[Black "Anicic Vuko (MNE)"]
[Result "0-1"]
[WhiteElo "2006"]
[BlackElo "2193"]

1.d4 e6 2.c4 Nf6 3.Nc3 Bb4 4.Nf3 c5 5.e3 O-O 6.Bd3 Nc6 7.O-O Bxc3 8.bxc3 d6
9.e4 e5 10.d5 Ne7 11.h3 Ng6 12.Nh2 Re8 13.f3 Nh5 14.Rf2 Nhf4 15.Bf1 Qh4 16.Rc2
f5 17.Bxf4 Nxf4 18.Qe1 Qg5 19.Kh1 Qh6 20.Rb2 Re7 21.Rab1 Rb8 22.Rb5 Rf7 23.Ra5
b6 24.Rab5 g6 25.a4 Bd7 26.R5b2 Bxa4 27.Ra2 Be8 28.Rba1 Rbb7 29.Qg3 Rg7 30.Be2
Nxe2 31.Rxe2 b5 32.cxb5 Bxb5 33.Rb2 Bd3 34.Rxb7 Rxb7 35.exf5 Bxf5 36.Ng4 Qg7
37.Qh4 Bxg4 38.Qxg4 Qd7 39.Qg5 Kg7 40.Kh2 h6 41.Qg3 Qf7 42.Ra4 Qxd5 43.f4 exf4
44.Rxf4 Qe5 45.Qf3 Rf7 46.g3 Rxf4 47.gxf4 Qe7 48.c4 Qf7 49.Qe4 a5 50.Kg3 h5
51.Qd3 Qf6 52.Qa3 h4+ 53.Kf3 g5 54.Qxa5 Qxf4+ 55.Kg2 Qg3+ 56.Kh1 Qxh3+ 57.Kg1
Qe6 58.Qc7+ Kg6 59.Kh2 g4 60.Qb7 Qe2+ 61.Kg1 g3 62.Qf3 Qf2+ 63.Qxf2 gxf2+
64.Kxf2 Kf5 {#R} 0-1

[Event "Ch Montenegro (team) (Premier League)"]
[Site "masterchessopenings.com Cetinje (Montenegro)"]
[Date "2010.07.26"]
[Round "3"]
[White "Sedlak Nikola (SRB)"]
[Black "Lajthajm Borko (SRB)"]
[Result "1/2-1/2"]
[WhiteElo "2550"]
[BlackElo "2492"]

1.d4 Nf6 2.c4 e6 3.Nc3 Bb4 4.e3 c5 5.Nf3 O-O 6.Bd3 b6 7.O-O Bb7 8.Na4 cxd4
9.a3 Be7 10.exd4 d6 11.b4 Nbd7 12.Bb2 a5 13.Nc3 axb4 14.axb4 Rxa1 15.Bxa1 Qa8
16.Be2 Qa3 17.Nb5 Qa2 18.Qd2 Ra8 19.Qxa2 Rxa2 20.Nc3 Ra8 21.Nd2 Nb8 22.Nb3 Na6
23.b5 Nc7 24.Bb2 Nd7 25.Rc1 Ra7 26.Bd3 h6 27.Kf1 Kf8 28.f3 Ke8 29.Ke2 Kd8
30.Rc2 g6 31.Bc1 h5 32.Be3 Ra3 33.Rb2 Bf6 34.Ne4 Bxe4 35.fxe4 e5 36.d5 Nc5
37.Nc1 Ne8 38.Ra2 Rxa2+ 39.Nxa2 Kc7 40.Bc2 Bd8 41.Nb4 Nf6 42.Kf3 Ng4 43.Bg1
Bg5 44.h3 Nh6 45.Na6+ Kb7 {#d} 1/2-1/2

[Event "Ch NRW (1 liga)"]
[Site "masterchessopenings.com Germany"]
[Date "2003.02.16"]
[Round "6"]
[White "Kistella Roman (GER)"]
[Black "Mertens Heiko (GER)"]
[Result "0-1"]
[WhiteElo "2311"]
[BlackElo "2235"]

1.d4 Nf6 2.Nf3 e6 3.c4 Bb4+ 4.Nc3 O-O 5.e3 c5 6.Bd3 Nc6 7.d5 exd5 8.cxd5 Nxd5
9.Bxh7+ Kxh7 10.Qxd5 d6 11.Qh5+ Kg8 12.Ng5 Bf5 13.O-O Bg6 14.Qh4 Bxc3 15.bxc3
d5 16.f4 Qd7 17.Bd2 f6 18.Nh3 Na5 19.Rad1 Bd3 20.Rf2 Bf5 21.Bc1 Nc4 22.e4 Bxe4
23.f5 Bxf5 24.Nf4 Be4 25.Nxd5 Bxd5 26.Qxc4 Bxc4 27.Rxd7 Rad8 28.Rfd2 Rxd7
29.Rxd7 Re8 30.Bf4 Re1+ 31.Kf2 Re2+ 32.Kg3 Rxa2 33.Rxb7 Bd5 34.Rd7 Rxg2+
35.Kh3 Be4 36.Re7 Re2 37.Rxa7 g5 38.Bd6 Re3+ 39.Kg4 Rxc3 40.Be7 Kf7 41.Bxc5+
Kg6 {#R} 0-1

[Event "Ch Niederbayern"]
[Site "masterchessopenings.com Niederbayern (Germany)"]
[Round "5"]
[White "Heigl Rudolf (GER)"]
[Black "Heyne Martin (GER)"]
[Result "1/2-1/2"]
[WhiteElo "2190"]
[BlackElo "2199"]

1.d4 e6 2.c4 Nf6 3.Nc3 Bb4 4.e3 c5 5.Nf3 O-O 6.Bd3 d6 7.O-O Bxc3 8.bxc3 Ne8
9.dxc5 Qc7 10.cxd6 Nxd6 11.Qe2 Nd7 12.Ba3 Nc5 13.Bc2 b6 14.Nd4 Ba6 15.Nb5 Qc6
16.Bxc5 Qxc5 17.Qd3 Nf5 18.g4 Rfd8 19.Qe4 Bxb5 20.cxb5 Nh6 21.c4 g6 22.Rfd1
Kg7 23.Rd4 Ng8 24.Rad1 Rdc8 25.Bb3 Nf6 26.Qf3 h6 27.h4 g5 28.h5 Rab8 29.Kg2
Ra8 30.Qg3 Rab8 31.f3 Rb7 32.Qd6 Qxd6 33.Rxd6 Rcc7 34.Kg3 Rd7 35.Kf2 Rxd6
36.Rxd6 Rd7 37.Rc6 Rb7 38.c5 bxc5 39.Rxc5 Nd7 40.Rc2 Rxb5 41.Rc7 Nc5 42.Bc4
Ra5 43.Ke2 Kf6 44.Kd2 Na4 45.Bb3 Nc5 46.Bc2 Na4 47.f4 gxf4 48.exf4 Nb6 49.Bb3
Nd5 50.Rc4 Nb6 51.Re4 Nd7 52.Ra4 Rxa4 53.Bxa4 Nc5 54.Bc2 e5 {#d} 1/2-1/2

[Event "Ch Niederbayern"]
[Site "masterchessopenings.com Niederbayern (Germany)"]
[Round "7"]
[White "Riediger Martin (GER)"]
[Black "Zankl Thomas (GER)"]
[Result "1-0"]
[WhiteElo "2255"]
[BlackElo "2101"]

1.Nf3 Nf6 2.d4 e6 3.c4 Bb4+ 4.Nc3 c5 5.e3 O-O 6.Bd3 b6 7.O-O Bxc3 8.bxc3 Bb7
9.Nd2 Qc7 10.Bb2 Nc6 11.Rc1 Rac8 12.Qe2 Rfe8 13.e4 e5 14.d5 Ne7 15.Rfe1 Ng6
16.g3 d6 17.Nf1 Qd7 18.Ne3 Qh3 19.Qd1 Red8 20.Bf1 Qd7 21.Nf5 Rc7 22.Rc2 Qa4
23.Rd2 Qxd1 24.Rdxd1 Bc8 25.f3 Ne7 26.Ne3 Bd7 27.Ra1 Ba4 28.Bd3 a6 29.Reb1 Rb8
30.Bc1 Nd7 31.Rb2 Rcb7 32.Rab1 g6 33.Bd2 Kf8 34.Kf2 Ke8 35.h4 Nc8 36.f4 Ke7
37.f5 Na7 38.g4 b5 39.Kf3 Rb6 40.g5 bxc4 41.Nxc4 Rxb2 42.Nxb2 c4 43.Nxa4 cxd3
44.Rxb8 Nxb8 45.c4 Nd7 46.Be3 Nc8 47.Bf2 Kd8 48.Ke3 gxf5 49.exf5 e4 50.Kxe4
Nc5+ 51.Bxc5 d2 52.Nb2 dxc5 53.Kd3 Nd6 54.f6 Nf5 55.Kxd2 Kd7 56.Nd3 Kd6 57.h5
Ng3 58.Ke3 {#r} 1-0

[Event "Ch North Shore"]
[Site "masterchessopenings.com North Shore (New Zealand)"]
[Round "0"]
[White "Leonhardt Wolfgang (AUS)"]
[Black "Stuart Peter (NZL)"]
[Result "1-0"]
[WhiteElo "2055"]
[BlackElo "1986"]

1.d4 Nf6 2.Nf3 e6 3.c4 Bb4+ 4.Nc3 c5 5.e3 O-O 6.Bd3 d6 7.O-O Nc6 8.Qc2 h6 9.a3
Bxc3 10.Qxc3 a5 11.b3 Re8 12.Bb2 e5 13.dxe5 dxe5 14.Rad1 Qe7 15.Nd2 b6 16.Bb1
Bb7 17.Qc2 Rad8 18.h3 Nb8 19.Kh1 Nbd7 20.f3 Nf8 21.Rfe1 Qe6 22.Nf1 e4 23.f4
N8h7 24.Ng3 Qc8 25.Kh2 Rxd1 26.Rxd1 Rd8 27.Nf5 Kf8 28.Be5 Rxd1 29.Qxd1 Qe6
30.Qd8+ Ne8 31.Bxg7+ Kg8 32.Be5 f6 33.Bc7 Bc6 34.Nxh6+ Kg7 35.Ng4 Nxc7
36.Qxc7+ Bd7 37.Bxe4 {#r} 1-0

[Event "Ch Norway (open)"]
[Site "masterchessopenings.com Oslo (Norway)"]
[Date "2006.04.11"]
[Round "4"]
[White "Fjellengen Bard (NOR)"]
[Black "Tofte Sondre Waage (NOR)"]
[Result "1-0"]
[WhiteElo "1879"]
[BlackElo "2052"]

1.d4 Nf6 2.c4 e6 3.Nc3 Bb4 4.Nf3 c5 5.e3 O-O 6.Bd3 b6 7.Bd2 Bb7 8.O-O d5
9.cxd5 exd5 10.dxc5 bxc5 11.Rc1 Ne4 12.Ne2 Nxd2 13.Nxd2 c4 14.Bb1 Nd7 15.Nf3
Qf6 16.Ned4 Nc5 17.h3 Ba5 18.b4 cxb3 19.Rxc5 Bb6 20.Rc3 Ba6 21.Bd3 b2 22.Bxa6
Bxd4 23.Nxd4 Qxa6 24.Qc2 Rab8 25.Rb1 Qb6 26.Rb3 Qa5 27.Nc6 Qa4 28.Nxb8 {#r}
1-0

[Event "Ch Paulista"]
[Site "masterchessopenings.com Sao Paulo (Brazil)"]
[Date "2007.06.29"]
[Round "3"]
[White "Oliveira Jefferson Santos"]
[Black "Gomez Gustavo Pizzocaro (BRA)"]
[Result "1-0"]
[WhiteElo "2289"]
[BlackElo "2083"]

1.d4 Nf6 2.c4 e6 3.Nc3 Bb4 4.e3 c5 5.Nf3 O-O 6.Bd3 d6 7.O-O Bxc3 8.bxc3 Nc6
9.e4 e5 10.d5 Ne7 11.Bg5 Ng6 12.h3 h6 13.Be3 Nh5 14.Re1 Nhf4 15.Bf1 f5 16.Nd2
fxe4 17.Nxe4 Ne7 18.Kh2 Bf5 19.Qc2 Qd7 20.Bxf4 exf4 21.Bd3 Rae8 22.f3 g6
23.Qd2 Bxe4 24.fxe4 Kg7 25.e5 dxe5 26.Rxe5 Nf5 27.Qxf4 Qd6 28.Rae1 g5 29.Qe4
Rxe5 30.Qxe5+ Qxe5+ 31.Rxe5 Nd6 32.Re7+ Rf7 33.Re6 Rf6 34.Re2 Rf8 35.Re7+ Rf7
36.Re1 Rf8 37.Kg3 Re8 38.Rd1 Re3+ 39.Kf2 Re7 40.a4 Kf6 41.Kf3 Rf7 42.Kg4 Kg7
43.Re1 Rf4+ 44.Kg3 Rf8 45.a5 Re8 46.Rd1 b6 47.axb6 axb6 48.Kf3 Rf8+ 49.Ke3
Re8+ 50.Kd2 Ra8 51.Bf1 Rf8 52.Rb1 Rb8 53.Bd3 Rb7 54.Ra1 Kf6 55.g3 Rb8 56.Ra7
Rb7 57.Ra8 Kg7 58.Rd8 Nf7 59.Re8 Nd6 60.Re6 Rd7 61.Rg6+ {#r} 1-0

[Event "Ch Poland (juniors) (under 12)"]
[Site "masterchessopenings.com Kolobrzeg (Poland)"]
[Round "0"]
[White "Brodowski Piotr (POL)"]
[Black "Bronowicki Mateusz (POL)"]
[Result "1/2-1/2"]
[WhiteElo "2120"]
[BlackElo "2103"]

1.d4 Nf6 2.c4 e6 3.Nc3 Bb4 4.e3 O-O 5.Nf3 c5 6.Bd3 b6 7.O-O Bb7 8.a3 Bxc3
9.bxc3 Nc6 10.e4 e5 11.d5 Na5 12.Be3 d6 13.Nd2 Qe7 14.Qe2 Bc8 15.h3 Kh8 16.f4
exf4 17.Bxf4 Nd7 18.Qh5 Ne5 19.Bxe5 dxe5 20.Nf3 f6 21.Ra2 g6 22.Qh6 Qg7
23.Qxg7+ Kxg7 24.Raf2 Ba6 25.Nd2 Nb7 26.g4 Nd6 27.h4 h6 28.Kg2 Rab8 29.a4 Bc8
30.Kg3 Bd7 31.Nf3 Nf7 32.Ra2 a5 33.Rb1 Rb7 34.Rf2 Bxa4 35.Ra2 Bd7 36.Rxa5 Rfb8
37.Ra2 g5 38.Rab2 Nd6 39.hxg5 hxg5 {#d} 1/2-1/2